LEADER 02070nam0 2200433 i 450 001 VAN00114282 005 20241120120353.465 017 70$2N$a9783319280141 100 $a20180131d2016 |0itac50 ba 101 $aeng 102 $aCH 105 $a|||| ||||| 200 1 $aAdvances in dynamic and evolutionary games$etheory, applications, and numerical methods$fFrank Thuijsman, Florian Wagener editors 210 $a[Basel]$cBirkhäuser$cSpringer$d2016 - XVII$d319 p.$cill. ; 24 cm 410 1$1001VAN00114283$12001 $aAnnals of the international society of dynamic games$1210 $aBasel [etc.]$cBirkhäuser$v14 500 1$3VAN00241859$aAdvances in dynamic and evolutionary games$91523077 606 $a91A15$xStochastic games, stochastic differential games [MSC 2020]$3VANC033689$2MF 606 $a91A22$xEvolutionary games [MSC 2020]$3VANC029378$2MF 606 $a91A23$xDifferential games (aspects of game theory) [MSC 2020]$3VANC022887$2MF 606 $a91A24$xPositional games (pursuit and evasion, etc.) [MSC 2020]$3VANC033690$2MF 606 $a91A25$xDynamic games [MSC 2020]$3VANC031391$2MF 610 $aDifferential games$9KW:K 610 $aDynamic Games$9KW:K 610 $aEvolutionary games$9KW:K 610 $aNumerical methods$9KW:K 610 $aPursuit-Evasion games$9KW:K 620 $aCH$dBasel$3VANL002076 702 1$aThuijsman$bFrank$3VANV088404 702 1$aWagener$bFlorian$3VANV088405 712 $aBirkhäuser $3VANV108193$4650 712 $aSpringer $3VANV108073$4650 801 $aIT$bSOL$c20250214$gRICA 856 4 $uhttp://dx.doi.org/10.1007/978-3-319-28014-1$zE-book ? Accesso al full-text attraverso riconoscimento IP di Ateneo, proxy e/o Shibboleth 899 $aBIBLIOTECA CENTRO DI SERVIZIO SBA$2VAN15 912 $fN 912 $aVAN00114282 950 $aBIBLIOTECA CENTRO DI SERVIZIO SBA$d15CONS SBA EBOOK 2051 $e15EB 2051 20180131 996 $aAdvances in dynamic and evolutionary games$91523077 997 $aUNICAMPANIA LEADER 00907nam0 22002531i 450 001 UON00193422 005 20231205103224.244 100 $a20030730d1945 |0itac50 ba 101 $apol 102 $aPL 105 $a|||| ||||| 200 1 $aMazepa$fJuliusz Slowacki 210 $aKraków$cPrzelom$d1945 80 p. ; 20 cm. 410 1$1001UON00172877$12001 $aBiblioteka arcydziel polskich 620 $aPL$dKrako?w$3UONL000871 676 $a891.85$cLetteratura polacca$v21 700 1$aSlowacki$bJuliusz$3UONV114251$0444683 712 $aPrzelom$3UONV266337$4650 801 $aIT$bSOL$c20250725$gRICA 899 $aSIBA - SISTEMA BIBLIOTECARIO DI ATENEO$2UONSI 912 $aUON00193422 950 $aSIBA - SISTEMA BIBLIOTECARIO DI ATENEO$dSI FD POLACCO 0399 $eSI MR 23069 7 0399 996 $aMazepa$91291492 997 $aUNIOR